000
00365nam a2200133Ia 4500
003
GCL
008
140319s9999 xx 000 0 ara d
040
_a
GCL /
_c
GCL
082
0
4
_a
621.31
_b
و د
100
1
_a
داريفز
245
1
0
_a
دليل ينوتو الكهربائى /
_c
داريفز
260
_a
[S.N] :
_b
الدار العربية للعلوم
490
_a
999
_c
42230
_d
42230